|
|
|
|
| LEADER |
00000nab a2200000 ar4500 |
| 001 |
vtls010569572 |
| 003 |
SK-MaSNL |
| 005 |
20260304013406.0 |
| 008 |
140115c2013 xo sr|p|||||||000 b|slo |
| 038 |
|
|
|a PPPK
|
| 040 |
|
|
|a PPPKCL
|b slo
|c PPPKCL
|e AACR2
|
| 041 |
0 |
|
|a slo
|
| 044 |
|
|
|a xo
|c SK
|
| 080 |
|
|
|a 782/785
|2 2001
|
| 080 |
|
|
|a 78.082.4
|2 2001
|
| 080 |
|
|
|a 78.079
|2 2001
|
| 100 |
1 |
|
|a Kaprálová, Barbora
|4 aut
|9 1247054
|
| 245 |
1 |
0 |
|a XXXII. Kežmarská hudobná jeseň bola pestrá a bohatá
|c Mgr. Barbora Kaprálová, Mgr. Tatiana Dragašeková
|
| 300 |
|
|
|b Fotogr.
|
| 610 |
2 |
7 |
|a Mariánsky kostol (Kežmarok, Slovensko)
|2 pppkcl
|9 1294331
|
| 610 |
2 |
7 |
|a Základná umelecká škola Antona Cígera (Kežmarok, Slovensko)
|2 pppkcl
|9 546120
|
| 611 |
2 |
7 |
|a Kežmarská hudobná jeseň
|n (32. :
|d 2013 :
|c Kežmarok, Slovensko)
|2 pppkcl
|9 1294332
|
| 650 |
0 |
7 |
|a vážna hudba
|2 pppkcl
|9 3218
|
| 650 |
0 |
7 |
|a koncerty
|2 pppkcl
|9 19182
|
| 650 |
0 |
7 |
|a hudobné festivaly
|2 pppkcl
|9 2958
|
| 651 |
|
7 |
|a Kežmarok (Slovensko)
|2 pppkcl
|9 26808
|
| 700 |
1 |
|
|a Dragašeková, Tatiana
|4 aut
|9 1094858
|
| 773 |
0 |
|
|t Kežmarok
|g Roč. XXI, č. 22 (2013), s. 13
|
| 852 |
|
|
|a PPPK
|b KIS3GCP
|
| 999 |
|
|
|c 2575640
|d 2577570
|